[Event "1st Open"]
[Site "Condom FRA"]
[Date "2002.07.16"]
[Round "6"]
[White "Inkiov,V"]
[Black "David,Vi"]
[Result "1/2-1/2"]
[WhiteElo "2421"]
[BlackElo "2290"]

1.d4 d5 2.c4 dxc4 3.Nf3 c5 4.e4 cxd4 5.Qxd4 Qxd4 6.Nxd4 Bd7 7.Bxc4 Nc6 8.Nxc6 Bxc6
9.Nc3 Rc8 10.Be3 a6 11.Rc1 Nf6 12.f3 e6 13.Kf2 Bd6 14.Na4 Nd7 15.Rhd1 Ke7
16.Nc3 Ne5 17.Be2 Bd7 18.Rd2 Bb4 19.Bd4 f6 20.a3 Bd6 21.Rcd1 Rhd8 22.f4 Nf7
23.g3 Bc5 24.Bh5 Bxd4+ 25.Rxd4 Be8 26.Bxf7 Rxd4 27.Rxd4 Kxf7 28.Ke3 Ke7 29.Rd2 Rc5
30.Kd4 Rc8 31.e5 Bc6 32.Re2 Rd8+ 33.Kc5 Rd3 34.Kc4 Rf3 35.Kd4 h6 36.Re3 Rf2
37.Re2 Rf3 38.b4 h5 39.Re3 Rf2 40.h4 b6 41.Ne2 Bd5 42.Nc1 Kd7 43.Kc3  1/2-1/2

[Event "KB Czech Open"]
[Site "Pardubice CZE"]
[Date "2002.07.21"]
[Round "3"]
[White "Schlosser,P"]
[Black "Klenburg,M"]
[Result "1/2-1/2"]
[WhiteElo "2534"]
[BlackElo "2376"]

1.d4 d5 2.c4 dxc4 3.Nf3 a6 4.e3 b5 5.a4 Bb7 6.axb5 axb5 7.Rxa8 Bxa8 8.b3 e6
9.bxc4 bxc4 10.Bxc4 Nf6 11.O-O Nbd7 12.Nbd2 Be7 13.Bb2 O-O 14.Qa1 c5 15.Rc1 cxd4
16.Bxd4 Qb8 17.h3 h6 18.Ba6 Bd5 19.Bc4 Bxc4 20.Nxc4 Qa8  1/2-1/2

[Event "Battle of Senta Open"]
[Site "Senta YUG"]
[Date "2002.07.23"]
[Round "7"]
[White "Kojovic,D"]
[Black "Stojanovic,Mih"]
[Result "0-1"]
[WhiteElo "2331"]
[BlackElo "2463"]

1.d4 d5 2.Nf3 c5 3.c4 dxc4 4.e3 cxd4 5.Qxd4 Qxd4 6.Nxd4 Bd7 7.Bxc4 Nc6 8.Nxc6 Bxc6
9.O-O Rc8 10.Nc3 Nf6 11.Bd2 e6 12.Rfc1 Bc5 13.Bb5 Bxb5 14.Nxb5 Kd7 15.Bc3 Ke7
16.Be5 Rhd8 17.Bc7 Rd5 18.Rxc5 Rxc5 19.Bd6+ Kd8 20.Bxc5 Rxc5 21.Rd1+ Ke7
22.Nc3 b5 23.Rd4 a5 24.a3 e5 25.Rd1 b4 26.axb4 axb4 27.Na2 Rb5 28.f3 Nd5
29.Kf2 Rc5 30.Ke2 Ke6 31.Rd3 f5 32.Rd1 e4 33.fxe4 fxe4 34.Rd4 b3 35.Nc3 Rxc3
36.Rxe4+ Kd6 37.Rh4 Rc2+  0-1

[Event "6th HZ Open"]
[Site "Vlissingen NED"]
[Date "2002.08.06"]
[Round "4"]
[White "Duesterwald,M"]
[Black "Jonkman,H"]
[Result "1/2-1/2"]
[WhiteElo "2225"]
[BlackElo "2497"]

1.d4 d5 2.c4 dxc4 3.Nf3 a6 4.e3 Bg4 5.Bxc4 e6 6.h3 Bh5 7.Nc3 Nc6 8.O-O Nf6
9.a3 Bd6 10.b4 O-O 11.b5 Na5 12.Be2 axb5 13.Nxb5 Be7 14.Nc3 Nd5 15.Bd2 Nb6
16.g4 Bg6 17.Ne5 c5 18.Nb5 cxd4 19.exd4 Be4 20.Rc1 Nc6 21.Nxc6 Bxc6 22.Qb3 Bxb5
23.Qxb5 Bxa3 24.Ra1 Nd5 25.Qxb7 Rb8 26.Qa7 Bb2 27.Ra2 Qf6 28.Rb1 Qxd4 29.Qxd4 Bxd4
30.Rd1 Rb2 31.Rxb2 Bxb2 32.Bf3 h6 33.h4 Rb8 34.g5 hxg5 35.hxg5 g6 36.Be4 Be5
37.Kg2 Rb3 38.Bxd5 exd5 39.Be3 Rb5 40.f4 Bc3 41.Rc1 d4 42.Bf2 Rf5 43.Kf3 f6
44.gxf6 Rxf6 45.Ke4 Kf7 46.Rd1 g5 47.f5 Rd6 48.Bxd4 g4 49.Rd3 Bxd4 50.Rxd4 Rxd4+
51.Kxd4 Kf6 52.Ke4 Kg5 53.f6 Kxf6 54.Kf4 g3 55.Kf3 g2 56.Kxg2  1/2-1/2

[Event "6th HZ Open"]
[Site "Vlissingen NED"]
[Date "2002.08.09"]
[Round "7"]
[White "Tregubov,P"]
[Black "Afek,Y"]
[Result "1-0"]
[WhiteElo "2599"]
[BlackElo "2329"]

1.d4 d5 2.Nf3 c5 3.c4 dxc4 4.e3 cxd4 5.Bxc4 Qc7 6.Bb3 dxe3 7.Bxe3 e6 8.O-O Nf6
9.Nc3 a6 10.Rc1 Nc6 11.Na4 Be7 12.Nb6 Rb8 13.Nd4 O-O 14.Ba4 Rd8 15.Qe2 e5
16.Nxc6 bxc6 17.Rxc6 Qb7 18.Rfc1 Be6 19.Rc7 Qe4 20.Bc2 Qh4 21.g3 Qb4 22.a3 Qa5
23.Rxe7 Rxb6 24.Bxb6 Qxb6 25.Qxe5 Nd5 26.Rxe6 fxe6 27.Re1 Nf6 28.Qxe6+ Qxe6
29.Rxe6 Rd2 30.Bf5 a5 31.Rb6 Kf8 32.Rb8+ Ke7 33.Rb7+ Kd6 34.Rxg7 Rxb2 35.Ra7  1-0

[Event "11th Open"]
[Site "Kavala GRE"]
[Date "2002.08.14"]
[Round "6"]
[White "Skembris,S"]
[Black "Marjanovic,S"]
[Result "1/2-1/2"]
[WhiteElo "2431"]
[BlackElo "2485"]

1.d4 d5 2.c4 dxc4 3.Nf3 a6 4.e3 Bg4 5.Bxc4 e6 6.h3 Bh5 7.Nc3 Nf6 8.O-O Nc6
9.Be2 Bd6 10.b3 O-O 11.Bb2 Qe7 12.Ne5 Bxe2  1/2-1/2

[Event "Saraybahce GP"]
[Site "Kocaeli TUR"]
[Date "2002.08.20"]
[Round "4"]
[White "Szuhanek,R"]
[Black "Mamedjarova,Z"]
[Result "1-0"]
[WhiteElo "2440"]
[BlackElo "2312"]

1.Nf3 d5 2.d4 c5 3.c4 dxc4 4.e3 Nf6 5.Bxc4 e6 6.O-O Qc7 7.Qe2 cxd4 8.exd4 Be7
9.Nc3 a6 10.Bg5 O-O 11.Rac1 Nc6 12.Rfd1 h6 13.Bxf6 Bxf6 14.d5 Bxc3 15.d6 Qb6
16.Rxc3 Bd7 17.Rb3 Qa7 18.Ne5 Rad8 19.Ng4 Qc5 20.Rg3 Kh8 21.Nxh6 Bc8 22.Rd5 exd5
23.Qh5 Qd4 24.Nxf7+ Kg8 25.Nh6+  1-0

[Event "Poyntner Mem GM"]
[Site "St Poelten AUT"]
[Date "2002.09.05"]
[Round "1"]
[White "Lehner,O"]
[Black "Varga,Zo"]
[Result "0-1"]
[WhiteElo "2413"]
[BlackElo "2528"]

1.d4 d5 2.c4 dxc4 3.Nf3 a6 4.e4 b5 5.a4 Bb7 6.axb5 axb5 7.Rxa8 Bxa8 8.Nc3 c6
9.Be2 e6 10.O-O Bb4 11.Bg5 Ne7 12.Qa1 Nd7 13.d5 exd5 14.exd5 O-O 15.d6 Bxd6
16.Rd1 Qc7 17.Ne4 Nd5 18.Nd4 Bxh2+ 19.Kf1 Bf4 20.Bf3 Ne5 21.b3 Bxg5 22.bxc4 Nxf3
23.gxf3 Bf4 24.cxd5 cxd5  0-1

[Event "Kaissa I"]
[Site "Alushta UKR"]
[Date "2002.09.06"]
[Round "8"]
[White "Agamaliev,G"]
[Black "Murashko,V"]
[Result "1-0"]
[WhiteElo "2489"]
[BlackElo "2385"]

1.d4 d5 2.c4 dxc4 3.Nf3 a6 4.e3 e6 5.Bxc4 c5 6.O-O b5 7.Bd3 cxd4 8.a4 b4
9.exd4 Nf6 10.Nbd2 Bb7 11.Nc4 Be7 12.Bf4 O-O 13.Re1 Nc6 14.a5 Nd5 15.Bg3 Re8
16.Qa4 Bf8 17.Be4 Na7 18.Qc2 Rc8 19.Bxh7+ Kh8 20.Bd3 Nb5 21.Qe2 f5 22.Nce5 Kg8
23.Bxb5 axb5 24.Qxb5 Ba8 25.Rac1 Nf6 26.Bh4 Rb8 27.Qa6 Bd5 28.Nc6 Ra8 29.Qb6 Qxb6
30.axb6 Ra6 31.Nce5 Rxb6 32.Bxf6 Bxf3 33.gxf3 gxf6 34.Nd7  1-0

[Event "FSIMA Sept"]
[Site "Budapest HUN"]
[Date "2002.09.07"]
[Round "1"]
[White "Rat,D"]
[Black "Banusz,T"]
[Result "1/2-1/2"]
[WhiteElo "2345"]
[BlackElo "2249"]

1.d4 d5 2.c4 dxc4 3.Nf3 c5 4.d5 e6 5.Nc3 exd5 6.Qxd5 Qxd5 7.Nxd5 Na6 8.e4 Ne7
9.Bf4 Nxd5 10.exd5 Bf5 11.Bxc4 O-O-O 12.O-O-O Bd6 13.Bxd6 Rxd6 14.Ne5 Rf8
15.Nc6 bxc6 16.Bxa6+ Kc7 17.dxc6 Rxd1+ 18.Rxd1 Kxc6 19.Bc4 Be6 20.Bxe6 fxe6
21.Rd2 g5 22.Kd1 Rf4 23.Ke2 a5 24.Ke3  1/2-1/2

[Event "TCh-CRO"]
[Site "Medulin CRO"]
[Date "2002.09.12"]
[Round "4"]
[White "Rezan,S"]
[Black "Sermek,D"]
[Result "1/2-1/2"]
[WhiteElo "2414"]
[BlackElo "2603"]

1.d4 d5 2.c4 dxc4 3.Nf3 c5 4.e3 cxd4 5.Bxc4 Qc7 6.Qb3 e6 7.exd4 Nf6 8.O-O Nc6
9.Nc3 a6 10.Be2 Be7 11.Rd1 b5 12.a3 Bb7 13.Bg5 Na5 14.Qa2 Ne4 15.Nxe4 Bxe4
16.Rac1 Qd6 17.Bxe7 Qxe7 18.b4 Bd5 19.Qc2 Nc6 20.Ne5 Nxe5 21.dxe5 O-O 22.Bd3 Qh4
23.Qe2 Rac8 24.Rxc8 Rxc8 25.g3 Qg5 26.Be4 Rd8 27.Bxd5 Rxd5 28.Rxd5 exd5 29.e6 Qe7
30.exf7+ Qxf7 31.Qe5 h6 32.f4 Qd7 33.f5 Qc6  1/2-1/2

[Event "6th Itau Cup"]
[Site "Sao Paulo BRA"]
[Date "2002.09.29"]
[Round "2"]
[White "De Haro,M"]
[Black "Matsuura,E"]
[Result "0-1"]
[WhiteElo "2138"]
[BlackElo "2450"]

1.d4 d5 2.c4 dxc4 3.Nf3 c5 4.Qa4+ Bd7 5.Qxc4 cxd4 6.Nxd4 e5 7.Nf3 Nc6 8.Bd2 Rc8
9.Nc3 Be7 10.Rc1 Nf6 11.g3 O-O 12.Bg2 Nd4 13.Qd3 Bf5 14.e4 Nxf3+ 15.Qxf3 Bg4
16.Qe3 Bc5  0-1

[Event "10th Chigorin Mem"]
[Site "St Petersburg RUS"]
[Date "2002.10.26"]
[Round "2"]
[White "Ulko,J"]
[Black "Vaulin,A"]
[Result "1/2-1/2"]
[WhiteElo "2472"]
[BlackElo "2549"]

1.d4 d5 2.c4 dxc4 3.Nf3 a6 4.e3 e6 5.Bxc4 c5 6.O-O Nf6 7.Bb3 Nc6 8.Qe2 Be7
9.dxc5 Qc7 10.e4 Nd7 11.Nc3 Bxc5 12.Be3 O-O 13.Rac1 b6 14.Na4 Bxe3 15.Qxe3 Bb7
16.Nd4 b5 17.Nxc6 Bxc6 18.Nc5 Rfc8 19.Rfd1 Nxc5 20.Rxc5 Qb7 21.Qd4 h6 22.f3 Be8
23.Rdc1 Qb6 24.Qf2 Rd8 25.R5c2  1/2-1/2

[Event "2nd Rohde Open"]
[Site "Sautron FRA"]
[Date "2002.10.27"]
[Round "2"]
[White "Battaglini,G"]
[Black "Raetsky,A"]
[Result "1/2-1/2"]
[WhiteElo "2229"]
[BlackElo "2423"]

1.d4 d5 2.c4 dxc4 3.Nf3 a6 4.e3 Nf6 5.Bxc4 e6 6.a4 c5 7.O-O Nc6 8.Nc3 cxd4
9.exd4 Be7 10.Bg5 O-O 11.Qe2 Nxd4 12.Nxd4 Qxd4 13.Rad1 Qc5 14.Bxf6 Bxf6 15.Ne4 Qe5
16.Nxf6+ Qxf6 17.Rd3 e5 18.Re1 Bf5 19.Re3 Bd7 20.a5 Rae8 21.Rxe5 h6 22.Bd3 Rxe5
23.Qxe5 Qxe5 24.Rxe5 Rc8 25.f3 Kf8 26.Kf2 f6 27.Rd5 Bc6 28.Rd4 Re8 29.b4 Re5
30.Be4 Bxe4 31.Rxe4 Rxe4 32.fxe4 Ke7 33.Ke3 Ke6 34.Kd4 Kd6 35.g4 g6 36.h4 h5
37.gxh5 gxh5 38.Kc4 Ke5 39.Kd3 Kf4 40.Kd4 Kg4 41.Kc5 Kxh4 42.Kb6 Kg4 43.Kxb7 h4
44.Kxa6 h3 45.b5 h2 46.b6 h1=Q 47.b7 Qb1 48.Ka7 Qb4 49.a6 Qd4+ 50.Ka8 Qxe4
51.Ka7 Qd4+ 52.Ka8 Qc4 53.Ka7 Qc7 54.Ka8 Qb6 55.a7 Qc6 56.Kb8 Qd6+ 57.Kc8 Qc5+
58.Kb8 Qe5+ 59.Kc8 Qf5+ 60.Kb8  1/2-1/2

[Event "TCh-FIN 2002-3"]
[Site "Finland FIN"]
[Date "2002.11.16"]
[Round "4"]
[White "Yrjola,J"]
[Black "Pulkkinen,K"]
[Result "1/2-1/2"]
[WhiteElo "2422"]
[BlackElo "2319"]

1.d4 d5 2.c4 dxc4 3.Nf3 a6 4.e3 Nf6 5.Bxc4 e6 6.Qe2 c5 7.dxc5 Bxc5 8.O-O O-O
9.e4 Qc7 10.e5 Ng4 11.Bf4 b5 12.Bb3 Bb7 13.Nbd2 Nd7 14.h3 Ngf6 15.Bg3 Rac8
16.Rac1 Nd5 17.Bxd5 Bxd5 18.b4 Bxf2+ 19.Qxf2 Qxc1 20.Rxc1 Rxc1+ 21.Kh2 Rc2
22.Bf4 f6 23.Qg3 fxe5 24.Bh6 Rf7 25.Be3 Rf5 26.Bh6 Rf7 27.Be3 Rf5 28.Bh6  1/2-1/2

[Event "Salona Rapid 1hr"]
[Site "Solin-Spilt CRO"]
[Date "2002.12.12"]
[Round "2"]
[White "Kozul,Z"]
[Black "Romanishin,O"]
[Result "1-0"]
[WhiteElo "2565"]
[BlackElo "2562"]

1.d4 d5 2.c4 dxc4 3.Nf3 a6 4.e3 Bg4 5.Bxc4 e6 6.h3 Bh5 7.Nc3 Nc6 8.g4 Bg6
9.a3 Nf6 10.Nh4 Nd5 11.Nxg6 Nxc3 12.bxc3 hxg6 13.Bd2 Be7 14.Qf3 O-O 15.h4 Bxh4
16.Qe4 g5 17.Ke2 g6 18.f4 Kg7 19.Rh3 Qd6 20.Rah1 Rh8 21.Qg2 Na5 22.Bd3 Nb3
23.Qxb7 Nxd2 24.Kxd2 Rab8 25.Qe4 a5 26.Qe5+ Qxe5 27.fxe5 Rb2+ 28.Bc2 Ra2
29.Rf3 Rxa3 30.Rhf1 Rf8 31.Kd3 Ra2 32.Bb3 Ra3 33.Bxe6 Be1 34.Rxf7+ Rxf7 35.Rxf7+ Kh6
36.Rxc7  1-0

[Event "Salona Rapid 1hr"]
[Site "Solin-Spilt CRO"]
[Date "2002.12.15"]
[Round "8"]
[White "Kozul,Z"]
[Black "Sermek,D"]
[Result "1/2-1/2"]
[WhiteElo "2565"]
[BlackElo "2590"]

1.d4 d5 2.c4 dxc4 3.Nf3 c5 4.e3 cxd4 5.Bxc4 Qc7 6.Qb3 e6 7.exd4 Nf6 8.O-O Nc6
9.Qd3 Be7 10.Nc3 a6 11.Bb3 O-O 12.Re1 b5 13.Bg5 Bb7 14.Rac1 Nb4 15.Qe2 Qd6
16.Rcd1 Bd5 17.Nxd5 Nfxd5 18.Bd2 Bf6 19.Qe4 a5 20.a4 bxa4 21.Bxa4 Nb6 22.Ra1 Qd5
23.Qxd5 N6xd5 24.Kf1 Rfd8 25.Ke2 Kf8 26.Bb3 Nc6 27.Red1 Bxd4 28.Ba4 Nde7
29.Rac1 Ne5 30.Nxd4 Rxd4 31.Ra1 Nd5 32.Bb5 Nf4+ 33.Ke3 Rad8 34.Bb4+ Rxb4
35.Rxd8+ Ke7 36.Re8+ Kf6 37.Bf1 Ng4+ 38.Kd2 Rxb2+ 39.Ke1 Nxf2 40.Rd8 Ne4
41.Rd4 Ke5 42.Rc4 Nxg2+ 43.Bxg2 Rxg2 44.Rxa5+ Kf4 45.Rh5 g5 46.Rxh7 f5 47.Rb4 g4
48.Rh6 e5 49.Rh5 Rc2 50.Kf1 g3 51.hxg3+ Kg4 52.Rh8 Kf3 53.Rb3+ Nc3 54.Kg1 Kxg3
55.Rg8+ Kf4 56.Rc8 Ne2+ 57.Kf2 Nd4+ 58.Rxc2 Nxc2 59.Rf3+ Ke4 60.Rc3 Nd4 61.Re3+ Kd5
62.Rh3 f4 63.Rh8  1/2-1/2

[Event "26th Christmas Open Masters"]
[Site "Zurich SUI"]
[Date "2002.12.28"]
[Round "4"]
[White "Malakhatko,V"]
[Black "Kamber,B"]
[Result "1-0"]
[WhiteElo "2515"]
[BlackElo "2332"]

1.d4 d5 2.Nf3 c5 3.c4 dxc4 4.d5 Nf6 5.Nc3 e6 6.e4 exd5 7.e5 Ne4 8.Nxd5 Be6
9.Bxc4 Nc6 10.Qd3 Qa5+ 11.b4 Nxb4 12.Qxe4 Bxd5 13.Bxd5 Nxd5+ 14.Bd2 Nb4 15.e6 O-O-O
16.O-O Rxd2 17.Nxd2 Qc7 18.exf7 Qxf7 19.Nc4 Qg6 20.Qe3 Nc6 21.Rab1 Be7 22.Na5 Nxa5
23.Qxe7 c4 24.Qc5+ Nc6 25.Qxc4 Re8 26.Rfe1 h5 27.Rxe8+ Qxe8 28.h3 Qe5 29.Qf7 Ne7
30.Qe8+ Kc7 31.Rd1 Qe6 32.Qxh5 Qxa2 33.Qe5+  1-0

[Event "Odessa Region Open"]
[Site "Odessa UKR"]
[Date "2003.01.11"]
[Round "3"]
[White "Sumets,A"]
[Black "Fingerov,D"]
[Result "1-0"]
[WhiteElo "2468"]
[BlackElo "2374"]

1.d4 d5 2.c4 dxc4 3.Nf3 c5 4.e3 cxd4 5.Bxc4 Qc7 6.Qb3 e6 7.exd4 Nf6 8.Nc3 Nc6
9.O-O Na5 10.Bb5+ Bd7 11.Qa4 Nc6 12.d5 Nxd5 13.Nxd5 exd5 14.Re1+ Be7 15.Bg5 f6
16.Bf4 Qd8 17.Bd6 Rf8 18.Re3 Rf7 19.Rae1 Rc8 20.Bxc6 Bxc6 21.Qa3 Rc7 22.Nd4 g6
23.Bxc7 Qxc7 24.Qxa7 Kd7 25.Nxc6 Qxc6 26.Rc3 Qa6 27.Qb8  1-0

[Event "Tch-SWE 2002-3"]
[Site "Sweden SWE"]
[Date "2003.01.18"]
[Round "6"]
[White "Bjork,C"]
[Black "Degerman,L"]
[Result "1/2-1/2"]
[WhiteElo "2334"]
[BlackElo "2492"]

1.d4 d5 2.c4 dxc4 3.Nf3 a6 4.e3 e6 5.Bxc4 Nf6 6.Qe2 c5 7.dxc5 Bxc5 8.O-O b5
9.Bb3 Bb7 10.a4 b4 11.Nbd2 Nc6 12.Nc4 O-O 13.Rd1 Qc7 14.Bd2 e5 15.Be1 e4
16.Nd4 Ne5 17.Nxe5 Qxe5 18.Rac1 Rad8 19.Bc4 a5 20.Nb5 h5 21.Bxf7+ Kxf7 22.Qc4+ Kg6
23.Rxd8 Rxd8 24.Qxc5 Qxb2 25.Nd4 Rd5 26.Qc7 Rd7 27.Qc5 Rd5 28.Qc7 Rd7  1/2-1/2

[Event "Inv. Tens"]
[Site "Wijk aan Zee NED"]
[Date "2003.01.24"]
[Round "7"]
[White "Cebalo,M"]
[Black "L'Ami,E"]
[Result "1/2-1/2"]
[WhiteElo "2527"]
[BlackElo "2438"]

1.d4 d5 2.c4 dxc4 3.Nf3 a6 4.e3 Bg4 5.Bxc4 e6 6.h3 Bh5 7.O-O Nf6 8.b3 Nc6
9.Bb2 Bd6 10.Be2 O-O 11.Nbd2 Qe7 12.Nc4 b5 13.Nxd6 cxd6 14.a4 b4 15.Rc1 Na5
16.Re1 Qb7 17.d5 e5 18.e4 Nxe4 19.Nxe5 Bxe2 20.Rxe2 Nc3 21.Bxc3 bxc3 22.Nc6 Nxc6
23.dxc6 Qxc6 24.Rec2 Rac8 25.Qd3 Qb6 26.Rxc3 Rxc3 27.Rxc3 g6 28.Qf3 a5 29.Qf6 Re8
30.h4 h5 31.Kh2 Qb8 32.Qd4 Qd8 33.g3 Qd7 34.Rc5 Qb7 35.Rxa5 Qxb3 36.Rd5 Rd8
37.a5 Qa2 38.Rb5 d5 39.Qb6 Re8 40.Rb2 Qa1 41.Rb1 Qa2 42.Rb2 Qa1 43.a6 Re1
44.a7 Rh1+ 45.Kg2 Rg1+ 46.Kf3 Qd1+ 47.Re2 Qd3+ 48.Kf4 Qxe2 49.a8=Q+ Kh7 50.Qxd5 Qg4+
51.Ke5 Qf5+ 52.Kd6 Qf6+ 53.Kc7 Re1 54.Kb7 Qe7+ 55.Kb8 Qe8+ 56.Qbd8 Rb1+ 57.Kc7 Rc1+
58.Kb6 Rb1+ 59.Kc7  1/2-1/2

[Event "11th Aosta Open"]
[Site "Saint Vincent ITA"]
[Date "2003.02.12"]
[Round "5"]
[White "Flear,G"]
[Black "Isonzo,D"]
[Result "1/2-1/2"]
[WhiteElo "2503"]
[BlackElo "2338"]

1.d4 d5 2.c4 dxc4 3.Nf3 a6 4.e3 b5 5.a4 Bb7 6.b3 e6 7.axb5 axb5 8.Rxa8 Bxa8
9.bxc4 bxc4 10.Bxc4 Nd7 11.O-O Ngf6 12.Nc3 Be7 13.d5 exd5 14.Nxd5 Nxd5 15.Bxd5 Bxd5
16.Qxd5 O-O 17.Nd4 Nf6 18.Qxd8 Rxd8 19.Nc6 Rd7 20.Bb2 Ne8 21.Rc1 f6 22.g4 Kf7
23.Bd4 Bf8 24.Kg2 Rd5 25.Kf3 h5 26.h3 hxg4+ 27.hxg4 Rd7 28.Ke2 Rd5 29.f4 Ba3
30.Ra1 Bd6 31.Na7 Bb4 32.Rc1 Ra5 33.Nc6 Ra2+ 34.Kf3 Bd6 35.Rc3 Ke6 36.e4 Ra3
37.f5+ Kd7 38.Nb8+ Ke7 39.Nc6+ Kd7 40.Rxa3 Bxa3 41.Na5 Bd6  1/2-1/2

[Event "TCh-FIN 2002-3"]
[Site "Finland FIN"]
[Date "2003.03.15"]
[Round "8"]
[White "Eriksson,Jon FIN"]
[Black "Sisatto,O"]
[Result "1-0"]
[WhiteElo "2143"]
[BlackElo "2227"]

1.Nf3 d5 2.d4 c5 3.c4 dxc4 4.d5 e6 5.Nc3 Nf6 6.e4 exd5 7.e5 Be6 8.exf6 gxf6
9.g3 Nc6 10.Bg2 Qd7 11.O-O O-O-O 12.Bf4 Nb4 13.Ne1 d4 14.Ne2 h5 15.a3 Nd5
16.h4 Rg8 17.Qd2 Re8 18.Nf3 Bh3 19.Rfe1 Bxg2 20.Kxg2 Qf5 21.Kh2 Re4 22.Nexd4 cxd4
23.Nxd4 Qg6 24.Rxe4 Qxe4 25.Re1 Qd3 26.Qa5 Qxd4 27.Re8+ Kd7 28.Qb5+  1-0

[Event "Tch-SWE 2002-3"]
[Site "Sweden SWE"]
[Date "2003.03.16"]
[Round "11"]
[White "Schussler,H"]
[Black "Degerman,L"]
[Result "1/2-1/2"]
[WhiteElo "2446"]
[BlackElo "2492"]

1.d4 d5 2.c4 dxc4 3.Nf3 a6 4.e3 e6 5.Bxc4 Nf6 6.O-O c5 7.dxc5 Bxc5 8.Qxd8+ Kxd8
9.b3 Ke7 10.Bb2 Nbd7 11.Nbd2 b6 12.Rfd1 Bb7 13.Rac1  1/2-1/2

[Event "Team Cup"]
[Site "Belgrade YUG"]
[Date "2003.04.04"]
[Round "1"]
[White "Hrzic,I"]
[Black "Bakic,R"]
[Result "0-1"]
[WhiteElo "2300"]
[BlackElo "2387"]

1.Nf3 d5 2.d4 c5 3.c4 dxc4 4.e3 cxd4 5.exd4 Be6 6.Nc3 Nf6 7.Ne5 Nc6 8.Qa4 Qa5
9.Qxa5 Nxa5 10.Nb5 Kd8 11.Bd2 Nc6 12.Nxc6+ bxc6 13.Ba5+ Kd7 14.Nc7 Rb8 15.Nxe6 Kxe6
16.Bxc4+ Kd7 17.O-O e6 18.b3 Bb4 19.Bxb4 Rxb4 20.Rfc1 Rd8 21.g3 Kc7 22.Rd1 Rd7
23.Rac1 Nd5 24.Rc2 Ne7 25.g4 Rb8 26.Rd3 g5 27.Rh3 Rh8 28.Rf3 Rf8 29.Bxe6 Rxd4
30.Rc4 Rd1+ 31.Kg2 Ng6 32.Rfc3 fxe6 33.Rxc6+ Kd7 34.Rc7+ Kd6 35.R3c6+ Ke5
36.Rc5+ Kf6 37.Kf3 Rfd8 38.Rc3 R8d7 39.a4 Ne5+ 40.Ke2 R7d2+ 41.Ke3 Nxg4+
42.Kf3 h5 43.b4 Rxf2+ 44.Kg3 Rg1+  0-1

[Event "National I"]
[Site "Bordeaux FRA"]
[Date "2003.04.06"]
[Round "6"]
[White "Pujos,S"]
[Black "Afek,Y"]
[Result "1-0"]
[WhiteElo "2335"]
[BlackElo "2382"]

1.d4 d5 2.c4 dxc4 3.Nf3 c5 4.e3 cxd4 5.Bxc4 Qc7 6.Bb3 dxe3 7.Bxe3 Nf6 8.O-O Nc6
9.Nc3 Bg4 10.h3 Rd8 11.Bxf7+ Kxf7 12.Qb3+ Ke8 13.hxg4 Nxg4 14.Nb5 Qb8 15.Bxa7 Nxa7
16.Qa4 Nxb5 17.Qxb5+ Rd7 18.Qh5+ g6 19.Qxg4 Bg7 20.Rad1 Qd8 21.Qa4 Rf8 22.Ng5 Rf6
23.Rfe1 Bh6 24.Ne6 Qc8 25.Nc5 Qxc5 26.Qxd7+ Kf8 27.Qd8+ Kf7 28.Qd5+ Qxd5
29.Rxd5 Rb6 30.Re2 Bg7 31.b3 Bf6 32.Rc2 Re6 33.Kf1 h5 34.Rb5 b6 35.a4 Bd4
36.Rd5 Bc5 37.g3 Ba3 38.Rb5 Rd6 39.Ra2  1-0

[Event "IM"]
[Site "Evry FRA"]
[Date "2003.04.17"]
[Round "8"]
[White "Amigues,E"]
[Black "David,Vi"]
[Result "1-0"]
[WhiteElo "2275"]
[BlackElo "2351"]

1.d4 d5 2.c4 dxc4 3.Nf3 c5 4.e3 cxd4 5.Bxc4 Qc7 6.Qb3 e6 7.Nxd4 a6 8.O-O Nf6
9.h3 Bd7 10.Nc3 Nc6 11.Nxc6 Bxc6 12.Re1 Bd6 13.e4 O-O 14.Bg5 Be5 15.Bd3 h6
16.Be3 Rac8 17.Bb6 Qb8 18.Rad1 Nd7 19.Be3 b5 20.Bb1 Nf6 21.f3 Bh2+ 22.Kh1 Bg3
23.Rf1 Bf4 24.Ne2 Bxe3 25.Qxe3 e5 26.Rd2 Rfd8 27.Rfd1 Rxd2 28.Qxd2 Nd7 29.Nc3 Nc5
30.Nd5 Bxd5 31.exd5 Qd6 32.Rc1 Rd8 33.Qc2 Nd7 34.Qh7+ Kf8 35.Qh8+ Ke7 36.Qxg7 Qxd5
37.Bf5 Qd2 38.Rc6 Re8 39.Rc7 Rd8 40.Qxe5+  1-0

[Event "11th Sigeman & Co"]
[Site "Malmoe SWE"]
[Date "2003.05.07"]
[Round "8"]
[White "Hillarp Persson,T"]
[Black "Hansen,Cu"]
[Result "0-1"]
[WhiteElo "2474"]
[BlackElo "2610"]

1.d4 d5 2.c4 dxc4 3.Nf3 a6 4.a4 Nf6 5.e3 Bg4 6.Nc3 Nc6 7.Bxc4 e6 8.h3 Bh5
9.O-O Bd6 10.Be2 O-O 11.g4 Bg6 12.Nh4 Nb4 13.Nxg6 hxg6 14.e4 Be7 15.g5 Nd7
16.f4 c6 17.h4 Qa5 18.Qb3 c5 19.d5 c4 20.Bxc4 Nc5 21.Qd1 Nxe4 22.Nxe4 exd5
23.Bxd5 Nxd5 24.Qf3 Bb4 25.h5 gxh5 26.Qxh5 Rac8 27.Kg2 Rc2+ 28.Kf3 f5 29.gxf6 Nxf6
30.Qxa5 Bxa5 31.Nxf6+ Rxf6 32.Be3 Rxb2 33.Rab1 Rxb1 34.Rxb1 Rf7 35.Kg4 Bc3
36.Rc1 Rc7 37.Bd4  0-1

[Event "3rd Zurich Lake Plaza Open"]
[Site "Pfaeffikon SUI"]
[Date "2003.06.08"]
[Round "5"]
[White "Likavsky,T"]
[Black "Stojanovic,Mih"]
[Result "0-1"]
[WhiteElo "2453"]
[BlackElo "2490"]

1.d4 d5 2.Nf3 c5 3.c4 dxc4 4.d5 a6 5.a4 Nf6 6.Nc3 Bf5 7.e3 e6 8.Bxc4 exd5
9.Nxd5 Bd6 10.Qb3 Nbd7 11.Nxf6+ Qxf6 12.Bd2 O-O 13.Bc3 Qe7 14.Rd1 Nf6 15.O-O Ne4
16.Rd5 Be6 17.Rdd1 Bg4 18.h3 Bxf3 19.gxf3 Qg5+ 20.Kh1 Qf5 21.Kg2 Ng5 22.Rh1 Qxf3+
23.Kg1 Rad8 24.Bd5 Nxh3+ 25.Rxh3 Qxh3 26.Bg2 Qf5 27.Ba5 c4  0-1

[Event "Golden Cleopatra"]
[Site "Cairo EGY"]
[Date "2003.06.10"]
[Round "9"]
[White "Naby,S"]
[Black "Jonkman,H"]
[Result "0-1"]
[WhiteElo "2303"]
[BlackElo "2431"]

1.d4 d5 2.c4 dxc4 3.Nf3 a6 4.e3 Nf6 5.Bxc4 e6 6.O-O b5 7.Bb3 Nbd7 8.a4 b4
9.Nbd2 c5 10.e4 Be7 11.e5 Nd5 12.Ne4 Bb7 13.Bg5 Nc3 14.Nd6+ Bxd6 15.bxc3 Be7
16.Bxe7 Qxe7 17.cxb4 cxb4 18.Rc1 Nb6 19.a5 Nd5 20.Ba4+ Kf8 21.Rc5 g6 22.Bc6 Bxc6
23.Rxc6 Kg7 24.Nd2 Rac8 25.Rc4 Qb7 26.Qb3 Rxc4 27.Nxc4 Nf4 28.f3 Qd5 29.Qe3 Qxc4
30.Qxf4 b3 31.Qe3 b2 32.Qe4 Rc8 33.Re1 Qa2 34.h4 Rc1 35.Kh2 Rxe1 36.Qxe1  0-1

[Event "TCh-BIH w"]
[Site "Jahorina BIH"]
[Date "2003.06.22"]
[Round "2"]
[White "Dedijer,S"]
[Black "Kizova,S"]
[Result "1/2-1/2"]
[WhiteElo "2031"]
[BlackElo "2104"]

1.d4 d5 2.c4 dxc4 3.Nf3 c5 4.e3 cxd4 5.exd4 Be6 6.Na3 Nf6 7.Nxc4 Bd5 8.Nce5 Nc6
9.Be2 g6 10.O-O Bg7 11.Nxc6 Bxc6 12.Ne5 O-O 13.Nxc6 bxc6 14.Bf3 Nd5 15.Bg5 Re8
16.Qa4 Qb6 17.Rac1 Qxb2 18.Rxc6 Nb6 19.Rxb6 Qxb6 20.Bxa8 Rxa8 21.d5 e6  1/2-1/2

[Event "2nd Open"]
[Site "La Fere FRA"]
[Date "2003.06.28"]
[Round "1"]
[White "Rigolot,M"]
[Black "Afek,Y"]
[Result "0-1"]
[WhiteElo "1960"]
[BlackElo "2382"]

1.d4 d5 2.c4 dxc4 3.Nf3 c5 4.e3 cxd4 5.Qxd4 Qxd4 6.Nxd4 a6 7.Bxc4 e5 8.Nf3 Nc6
9.Nc3 Nf6 10.Bd2 Be7 11.Rc1 O-O 12.Nd5 Nxd5 13.Bxd5 Nb4 14.Bxb4 Bxb4+ 15.Ke2 Bg4
16.Bxb7 Rab8 17.Bd5 Rfd8 18.e4 Rxd5 19.exd5 e4 20.Rc4 exf3+ 21.gxf3 Re8+
22.Kd3 Bxf3 23.Rhc1 Be2+  0-1

[Event "2nd Open"]
[Site "La Fere FRA"]
[Date "2003.06.30"]
[Round "3"]
[White "Dumitrache,D"]
[Black "Afek,Y"]
[Result "1/2-1/2"]
[WhiteElo "2475"]
[BlackElo "2382"]

1.d4 d5 2.c4 dxc4 3.Nf3 c5 4.e3 cxd4 5.Bxc4 Qc7 6.Qb3 e6 7.exd4 Nc6 8.O-O Nf6
9.Nc3 Be7 10.Nb5 Qb8 11.Ne5 a6 12.Nxc6 bxc6 13.Nc3 O-O 14.Na4 Qd6 15.Rd1 a5
16.Bg5 Nd7 17.Bxe7 Qxe7 18.Rac1 Qb4 19.Qxb4 axb4 20.Bb3 Ba6 21.Nc5 Nxc5 22.dxc5 Rfd8
23.Ba4 Kf8 24.Bxc6 Rxd1+ 25.Rxd1 Rc8 26.Rd6 Ke7 27.f4 Rc7 28.b3 Bd3 29.Ba4 Bb1
30.Rd1 Bc2 31.Rd4 Rxc5 32.Rxb4 Bb1 33.Rb7+ Kf8 34.Rb8+ Ke7 35.Rb7+ Kf8  1/2-1/2

[Event "White Nights"]
[Site "St Petersburg RUS"]
[Date "2003.07.04"]
[Round "6"]
[White "Shchukin,D"]
[Black "Feoktistov,A"]
[Result "0-1"]
[WhiteElo "2419"]
[BlackElo "2414"]

1.d4 d5 2.c4 dxc4 3.Nf3 a6 4.e3 Nf6 5.Bxc4 e6 6.O-O b5 7.Bd3 Bb7 8.Qe2 c5
9.Rd1 Nc6 10.Nc3 cxd4 11.exd4 Nb4 12.Bb1 Be7 13.Bg5 Nbd5 14.a4 b4 15.Bxf6 bxc3
16.Be5 Qb6 17.b3 f6 18.a5 Qc6 19.Bg3 Nb4 20.d5 Qb5 21.Qxe6 Bxd5 22.Qg4 c2
23.Re1 Kf8 24.Nd4 h5 25.Qg6 Rh6 26.Qf5 Qd3 27.Bxc2 Qxd4 28.Rad1 Qg4 29.Rxd5 Qxf5
30.Rxf5 Nxc2 31.Rc1 Nd4  0-1

[Event "11th Fair Play Trophy"]
[Site "Techirghiol ROM"]
[Date "2003.07.10"]
[Round "10"]
[White "Raceanu,V"]
[Black "Miljkovic,Mih"]
[Result "1/2-1/2"]
[WhiteElo "2378"]
[BlackElo "2275"]

1.d4 d5 2.c4 dxc4 3.Nf3 a6 4.e3 Bg4 5.Bxc4 e6 6.O-O Nf6 7.h3 Bh5 8.Qe2 c5
9.Rd1 Qc7 10.dxc5 Bxc5 11.a3 Be7  1/2-1/2